Представление документа в формате RUSMARC

ПолеНазваниеЗначение
  Тип записи a
  Библиографический уровень c
001 Контрольный номер RU/SLIB/B/208724306
005 Дата корректировки 20260430111755.2
010 Индекс ISBN __
d Цена 3-60
100 Данные общей обработки __
a Данные общей обработки 20230705d1988 ma y0rusy028902 ca
101 Язык документа 0_
a Язык текста rus
102 Страна публикации __
a Страна публикации RU
105 Кодированные данные (монография) __
a Кодированные данные (монография) y z 000yy
181 Поле кодированных данных: вид содержания _0
a Код вида содержания (ISBD) i
182 Поле кодированных данных: тип средства _0
a Код типа средства (ISBD) n
200 Заглавие и сведения об ответственности 1_
a Заглавие Декабристы в воспоминаниях современников
e Сведения, относящиеся к заглавию сборник
f Первые сведения об ответственности сост., общ. ред., вступ. ст. и коммент. В. А. Федорова
b Общее обозначение материала Текст
210 Выходные данные 1_
a Место издания М.
c Издательство Изд-во МГУ
d Дата издания 1988
215 Физическое описание __
a Объем 509 c
606 Тематические рубрики __
a Основная рубрика История
y Географическая подрубрика Россия
2 Код системы nlr_sh
606 Тематические рубрики __
a Основная рубрика Россия в XVIII в. - 1917 г.
2 Код системы nlr_sh
610 Ключевые слова 0_
a Ключевые слова декабристы; декабристское движение; персоналии; историческая литература; революционеры
686 Индексы других классификаций __
a Классификационный индекс 63.3(2)521; ст63.3(2)521
2 Код системы rubbks
702 Вторичная интеллектуальная ответственность _1
a Фамилия Федоров
b Имя В. А.
4 Код отношения 220
4 Код отношения 080
4 Код отношения 340
4 Код отношения 212
f Даты 1926-2006
g Полное личное имя Владимир Александрович
801 Источник записи _0
a Страна RU
b Организация Муниципальное бюджетное учреждение культуры "Централизованная библиотечная система" г. Сургут (Центральная городская библиотека им. А. С. Пушкина)
g Правила каталогизации PSBO
801 Источник записи _1
a Страна RU
b Организация Муниципальное бюджетное учреждение культуры "Централизованная библиотечная система" г. Сургут (Центральная городская библиотека им. А. С. Пушкина)
g Правила каталогизации PSBO
852 Данные о местонахождении __
j Шифр хранения 63.3(2)521
c Каталожный индекс 63.3(2)521
i Авторский знак Д 28
p Инвентарный номер 37377
901 Тип документа __
t Тип документа x
a Ответственный КиК/Лебедева
901 Тип документа __
a Ответственный СКБР2024
903 Характеристики (МАРС) __
c Наименование библиотеки (МАРС) Муниципальное бюджетное учреждение культуры "Централизованная библиотечная система" г. Сургут (Центральная городская библиотека им. А. С. Пушкина)
969 Тип издания __
a Тип издания сборник
990 Данные о заказе (DOS) __
j Количество экземпляров (DOS) 5
t N записи в КСУ для И/У (DOS) 199101